Giáo trình kỹ thuật thi công

Sách gồm 5 chương công tác đất và gia cố nền móng, công tác xây, công tác bê tông và bê tông cốt thép, công tác lắp ghép, hoàn thiện

Gespeichert in:
Bibliographische Detailangaben
1. Verfasser: Nguyễn, Đức Chương
Format: Buch
Sprache:Undetermined
Veröffentlicht: Hà Nội Xây Dựng 2000
Schlagworte:
Tags: Tag hinzufügen
Keine Tags, Fügen Sie den ersten Tag hinzu!
Thư viện lưu trữ: Trung tâm Học liệu Trường Đại học Cần Thơ
LEADER 00846nam a2200205Ia 4500
001 CTU_42513
008 210402s9999 xx 000 0 und d
020 |c 32000 
082 |a 690 
082 |b Ch561 
100 |a Nguyễn, Đức Chương 
245 0 |a Giáo trình kỹ thuật thi công 
245 0 |c Nguyễn Đức Chương, Trần Quốc Kế, Nguyễn Duy Trí 
260 |a Hà Nội 
260 |b Xây Dựng 
260 |c 2000 
520 |a Sách gồm 5 chương công tác đất và gia cố nền móng, công tác xây, công tác bê tông và bê tông cốt thép, công tác lắp ghép, hoàn thiện 
650 |a Buildings 
904 |i Minh, Mai chuyển số PL từ 624 về 690 
980 |a Trung tâm Học liệu Trường Đại học Cần Thơ